000 00400cam a2200169ua 4500
020 _c5.50
041 _aeng
_h
082 _a581
_bCHA/BI
100 _aChandrasekharan, S.N .
245 _aBiology /
_cS.N.Chandrasekharan.
_hTextual Documents
260 _aChennai :
_bS.Viswanathan ,
_c1961.
300 _a148 ; .
365 _a5.50
504 _a
942 _cBK
999 _c10819
_d10819